Datum a čas kvízu
30.5
Celkem bodů
Celkový počet nahraných bodů na tomto kvízu bez doplňovacích otázek.
8.
Pořadí na kvízu
Konečné umístění týmu na tomto kvízu.
Zaznamenané odpovědi
| # | Otázka | Odpověď | Body | Výsledky |
|---|---|---|---|---|
| 1. | Více než dvacet tisíc Čechů se... | Black Hawk (UH-60), Čestmír | 0.5 | |
| 2. | Prezident jisté asijské země,... | v Jižní Koreji | 1 | |
| 3. | V úterý měl na Netflixu premié... | Meghan (Markle) | 1 | |
| 4. | Minulý týden se ve Španělsku k... | Barcelona | 0 | |
| 5. | Minulý týden skončila základní... | 1A 2C 3D 4B | 1 | |
| 6. | V roce 1978 zakoupila jistá me... | Greenpeace | 0 | |
| 7. | V tématu o slavných lodích se... | Carpathia | 0 | |
| 8. | Loď Beagle na své druhé plavbě... | Charles Darwin | 1 | |
| 9. | Válečná loď Vasa ujela celkem... | ve Stockholmu | 1 | |
| 10. | Ceremoniál podpisu kapitulační... | Missouri | 0 |